000 00597nam a2200181Ia 4500
008 100921s9999 xx 000 0 und d
082 _b17293
_a891.463 थ 81
100 _aढसाळ नामदेव.
245 _aहाड की हडवळा.
260 _bअस्मिता प्रकाशन, पुणे.
_c1981
300 _a121
_b---
365 _b12
520 _aललित-कादंबरी.
630 _aहाड की हडवळा.
650 _aललित-कादंबरी.
730 _aहाड की हडवळा.
942 _cBOOK
999 _c766406
_d766403